000 00519nam a2200193Ia 4500
005 20250508150345.0
008 008 250505s9999 xx 000 0 hin d
037 _aTextual
040 _aFEDL
_beng
_cFEDL
041 _ahin
_2eng
084 _a330.909, LIS
_qFEDL
100 _aList Fredrick
_9756491
245 0 _aSansar ke vyavasay ka itihas
260 _aKashi, India
_bGyan Mandal
_c1981
300 _a78p
650 _aEconomics
942 _cTEXL
_h330.909, LIS
999 _c1323166
_d1323166